Southville International School and Colleges
Your cart is empty.
  • Cart
  • Lists
    Public lists Eva Luna New books Lux_list list_1
    Your lists Log in to create your own lists
  • Log in to your account
  • Your cookies
  • Search history
Southville International School and Colleges
  • Advanced search
  • Recent comments
  • Most popular
  • Libraries

Log in to your account

Log in with GOOGLE


If you do not have an external account, but do have a local account, you can still log in:

  1. Home
  2. MARC view: The Lion, the witch and the wardrobe /
Normal view MARC view ISBD view

The Lion, the witch and the wardrobe / (Record no. 298091)

[ view plain ]
MARC details
000 -LEADER
fixed length control field 00519nam a2200217Ia 4500
008 - FIXED-LENGTH DATA ELEMENTS--GENERAL INFORMATION
fixed length control field 160803s9999 xx 000 0 und d
020 ## - INTERNATIONAL STANDARD BOOK NUMBER
International Standard Book Number 978-0064471046
100 ## - MAIN ENTRY--PERSONAL NAME
Personal name Lewis, C.S
245 #4 - TITLE STATEMENT
Title The Lion, the witch and the wardrobe /
245 ## - TITLE STATEMENT
Statement of responsibility, etc by C.S. Lewis.
260 ## - PUBLICATION, DISTRIBUTION, ETC. (IMPRINT)
Place of publication, distribution, etc New York :
260 ## - PUBLICATION, DISTRIBUTION, ETC. (IMPRINT)
Name of publisher, distributor, etc Scholastic Inc.
260 ## - PUBLICATION, DISTRIBUTION, ETC. (IMPRINT)
Date of publication, distribution, etc 1950
300 ## - PHYSICAL DESCRIPTION
Extent 206 pages ;
300 ## - PHYSICAL DESCRIPTION
Dimensions 17 cm.
440 ## - SERIES STATEMENT/ADDED ENTRY--TITLE
Title Chronicles of Narnia.
440 ## - SERIES STATEMENT/ADDED ENTRY--TITLE
Volume number/sequential designation Bk. 2
650 ## - SUBJECT ADDED ENTRY--TOPICAL TERM
Topical term or geographic name as entry element Fantasy --
650 ## - SUBJECT ADDED ENTRY--TOPICAL TERM
General subdivision Fiction.
700 ## - ADDED ENTRY--PERSONAL NAME
Personal name 940
Holdings
Withdrawn status Lost status Damaged status Home library Current library Shelving location Date acquired Total Checkouts Barcode Date last seen Price effective from Koha item type
      Stonyhurst Southville International School (Batangas) Stonyhurst Southville International School (Batangas) Lexiled 08/03/2016   SC-017 08/03/2016 08/03/2016 Books

The Lion, the witch and the wardrobe /

APA

Lewis C., 940, .The Lion, the witch and the wardrobe. New York: .

Chicago

Lewis C.S, 940, .The Lion, the witch and the wardrobe. New York: .

Harvard

Lewis C., 940, .The Lion, the witch and the wardrobe. New York: .

MLA

Lewis C.S, 940, .New York: . .

  • Place hold
  • Print
  • Cite
  • Add to your cart (remove)
  • Save record
    BIBTEX Dublin Core MARCXML MARC (non-Unicode/MARC-8) MARC (Unicode/UTF-8) MARC (Unicode/UTF-8, Standard) MODS (XML) RIS
  • More searches
    Search for this title in:
    Other Libraries (WorldCat) Other Databases (Google Scholar) Online Stores (Bookfinder.com) Open Library (openlibrary.org)

Exporting to Dublin Core...

SOUTHVILLE LIBRARY

Southville International School and Colleges Library

1281 Tropical Ave. Cor. Luxembourg St., BF Homes International, Las Pinas City

Tel. No. 8256374 / 252358 Loc. 117/146

Powered by Koha